000 00381pab a2200145 454500
008 180718b2012 xxu||||| |||| 00| 0 eng d
245 _aLabour unrest and violence at workplace in India - causes and consequences
260 _c2012
300 _ap.1075-1077.
362 _aNov
650 _aLabour movement
773 _aIndian Labour Journal
908 _aN
909 _a101873
999 _c101871
_d101871